000 00577cam a22001932 4500
001 0000019348
005 20151217152153.0
008 101105s xx 000 0 eng d
040 _aKABU
_cKABU
110 2 _aGrace Baptist Mission.
_@0000179066
245 1 0 _aHebrews /
_cGrace Baptist Mission.
250 _a1st ed.
260 _aOxford :
_bGrace Baptist Mission,
_c2009.
300 _aiii, 140 p.
630 0 0 _aBible.
_pN. T.
_pHebrews.
_xCommentaries.
_@0000178669
852 1 _9p200 KES
908 _a101105
950 _@1
999 _c8949
_d8949